000 00661cam a2200205 a 4500
020 _a075064110X
082 0 0 _a510.2462
_bBIR
_cN-01,P-22
100 1 _aBird, J. O.
_944903
245 1 0 _aHigher engineering mathematics /
_cJ.O. Bird.
250 _a3rd ed.
260 _aOxford ;
_aBoston :
_bNewnes,
_c1999.
300 _ax, 644 p. :
_bill. ;
_c25 cm.
500 _aIncludes index.
526 _a0
_b1
_c0
_d510_246200000000000_BIR
650 0 _aEngineering mathematics.
_92310
650 0 _aNUST
_96342
856 4 1 _uhttp://www.loc.gov/catdir/toc/els033/99462564.html
856 4 2 _uhttp://www.loc.gov/catdir/description/els033/99462564.html
942 _2ddc
_cBK
999 _c548556
_d548556